LEADER 05267nam 2201129Ia 450 001 9910780448103321 005 20230207223251.0 010 $a0-520-93932-8 010 $a1-59734-794-9 024 7 $a10.1525/9780520939325 035 $a(CKB)111090529080626 035 $a(EBL)224115 035 $a(OCoLC)70741800 035 $a(SSID)ssj0000217853 035 $a(PQKBManifestationID)11190083 035 $a(PQKBTitleCode)TC0000217853 035 $a(PQKBWorkID)10213295 035 $a(PQKB)10982121 035 $a(MiAaPQ)EBC224115 035 $a(DE-B1597)519565 035 $a(OCoLC)55857968 035 $a(DE-B1597)9780520939325 035 $a(Au-PeEL)EBL224115 035 $a(CaPaEBR)ebr10058564 035 $a(EXLCZ)99111090529080626 100 $a20030507d2004 ub 0 101 0 $aeng 135 $aurcn||||||||| 181 $ctxt 182 $cc 183 $acr 200 10$aParadise in ashes$b[electronic resource] $ea Guatemalan journey of courage, terror, and hope /$fBeatriz Manz ; with a foreword by Aryeh Neier 210 $aBerkeley $cUniversity of California Press$dc2004 215 $a1 online resource (337 p.) 225 1 $aCalifornia series in public anthropology ;$v8 300 $aDescription based upon print version of record. 311 $a0-520-24675-6 311 $a0-520-24016-2 320 $aIncludes bibliographical references and index. 327 $tFront matter --$tContents --$tIllustrations --$tForeword --$tAcknowledgments --$tMaps --$tIntroduction --$t1. The Highland Homeland --$t2. Settling in the Promised Land --$t3. The War Finds Paradise --$t4. Ashes, Exodus, and Faded Dreams --$t5. A Militarized Village --$t6. Reunification --$t7. Treading between Fear and Hope --$tNotes --$tBibliography --$tIndex 330 $aParadise in Ashes is a deeply engaged and moving account of the violence and repression that defined the murderous Guatemalan civil war of the 1980's. In this compelling book, Beatriz Manz-an anthropologist who spent over two decades studying the Mayan highlands and remote rain forests of Guatemala-tells the story of the village of Santa María Tzejá, near the border with Mexico. Manz writes eloquently about Guatemala's tortured history and shows how the story of this village-its birth, destruction, and rebirth-embodies the forces and conflicts that define the country today. Drawing on interviews with peasants, community leaders, guerrillas, and paramilitary forces, Manz creates a richly detailed political portrait of Santa María Tzejá, where highland Maya peasants seeking land settled in the 1970's. Manz describes these villagers' plight as their isolated, lush, but deceptive paradise became one of the centers of the war convulsing the entire country. After their village was viciously sacked in 1982, desperate survivors fled into the surrounding rain forest and eventually to Mexico, and some even further, to the United States, while others stayed behind and fell into the military's hands. With great insight and compassion, Manz follows their flight and eventual return to Santa María Tzejá, where they sought to rebuild their village and their lives. 410 0$aCalifornia series in public anthropology ;$v8. 606 $aQuiche? Indians$xCrimes against$zGuatemala$zSanta Mari?a Tzeja? 606 $aQuiche? Indians$xRelocation$zMexico 606 $aMassacres$zGuatemala$zSanta Mari?a Tzeja? 606 $aPolitical violence$zGuatemala$zSanta Mari?a Tzeja? 606 $aCivil-military relations$zGuatemala$zSanta Mari?a Tzeja? 606 $aReturn migration$zGuatemala$zSanta Mari?a Tzeja? 607 $aSanta Mari?a Tzeja? (Guatemala)$xSocial conditions 607 $aSanta Mari?a Tzeja? (Guatemala)$xPolitics and government 610 $a1980s. 610 $a20th century. 610 $aanthropologists. 610 $acentral america. 610 $acultural history. 610 $aethnography. 610 $aguatemala. 610 $aguatemalan civil war. 610 $aguerrillas. 610 $ahistorians. 610 $ahistorical perspective. 610 $ahistory of violence. 610 $aillustrated. 610 $aindigenous histories. 610 $aland disputes. 610 $alatin american history. 610 $amaps. 610 $amaya peasants. 610 $amayan highlands. 610 $amexico. 610 $anonfiction. 610 $aparamilitary forces. 610 $apolitical conflict. 610 $arainforests. 610 $arefugees. 610 $arepression. 610 $asanta maria tzeja. 610 $asocial sciences. 610 $atextbooks. 610 $aunited states. 610 $avillage life. 610 $awar. 615 0$aQuiche? Indians$xCrimes against 615 0$aQuiche? Indians$xRelocation 615 0$aMassacres 615 0$aPolitical violence 615 0$aCivil-military relations 615 0$aReturn migration 676 $a972.8105/2 700 $aManz$b Beatriz$f1944-$01486804 801 0$bMiAaPQ 801 1$bMiAaPQ 801 2$bMiAaPQ 906 $aBOOK 912 $a9910780448103321 996 $aParadise in ashes$93706416 997 $aUNINA LEADER 05422nam 2200709Ia 450 001 9910825547203321 005 20200520144314.0 010 $a9786612684012 010 $a9781282684010 010 $a1282684019 010 $a9780470624241 010 $a0470624248 010 $a9781613441633 010 $a1613441630 010 $a9780470624234 010 $a047062423X 035 $a(CKB)2550000000005945 035 $a(EBL)477792 035 $a(SSID)ssj0000358223 035 $a(PQKBManifestationID)11260048 035 $a(PQKBTitleCode)TC0000358223 035 $a(PQKBWorkID)10378473 035 $a(PQKB)10923445 035 $a(MiAaPQ)EBC477792 035 $a(OCoLC)520990489 035 $a(Perlego)2748727 035 $a(EXLCZ)992550000000005945 100 $a20091222d2010 uy 0 101 0 $aeng 135 $aur|n|---||||| 181 $ctxt 182 $cc 183 $acr 200 12$aA concise introduction to additives for thermoplastic polymers /$fJohannes Karl Fink 210 $aHoboken, NJ $cWiley ;$aSalem, MA $cScrivener Pub.$dc2010 215 $a1 online resource (284 p.) 225 1 $aWiley-Scrivener ;$vv.1 300 $aDescription based upon print version of record. 311 08$a9780470609552 311 08$a0470609559 327 $aA Concise Introduction to Additives for Thermoplastic Polymers; Contents; Preface; 1 Introduction; 1.1 Classification; References; 2 Plasticizers; 2.1 Principle of Action; 2.2 Principle of Selection; 2.3 Characterization; 2.4 Risks and Drawbacks; 2.4.1 Leaching; 2.4.2 Inherent Toxicity; 2.5 Classes of Plasticizers; 2.5.1 Phthalate Plasticizers; 2.5.2 Cyclohexanoic Diesters; 2.5.3 Phophate Plasticizers; 2.5.4 Aliphatic Esters; 2.5.5 Polymeric Plasticizers; 2.5.6 Ionic Liquids; 2.6 Specific Examples of Application; 2.6.1 Heat Shrinkable Films; 2.6.2 Adhesive Compositions 327 $a2.6.3 Interlayer Films for Safety Glasses2.6.4 Electrolyte Membranes; 2.6.5 Porous Electrodes; 2.6.6 Biodegradable Polymers; 2.6.7 Plasticizers for Energetic Polymers; References; 3 Fillers; 3.1 Surface Modification; 3.1.1 Siloxanes; 3.1.2 Dispersion and Coupling Additives; 3.2 Special Applications; 3.2.1 Flame Retardant Fillers; 3.2.2 Conductive Fillers; 3.2.3 Solder Precoated Fillers; 3.2.4 Nano Clays; 3.2.5 Mixed Matrix Membranes; References; 4 Colorants; 4.1 Physics Behind a Color; 4.1.1 Human Eye; 4.1.2 Tristimulus Values; 4.1.3 Color Spaces; 4.2 Color Index; 4.3 Test Standards 327 $a4.4 Pigments4.5 Organic Colorants; References; 5 Optical Brighterners; 5.1 Basic Principles; 5.2 Measurement; 5.3 Inorganic Brighteners; 5.4 Organic Optical Brighteners; 5.4.1 Reactive Optical Brighteners; 5.4.2 Melt Extrusion; 5.4.3 Photographic Supports; References; 6 Antimicrobial Additives; 6.1 Modes of Action; 6.1.1 Types of Irritations; 6.2 Plasticizers; 6.3 Special Formulations; 6.3.1 Contact Lenses; 6.3.2 Food Packaging; 6.3.3 Polymers with Inherent Antimicrobial Properties; References; 7 Flame Retardants; 7.1 Mechanisms of Flame Retardants; 7.1.1 Flame Cooling of Halogens 327 $a7.2 Smoke Suppressants7.3 Admixed Additives; 7.4 Bonded Additives; 7.4.1 Examples of Polymers; References; 8 Lubricants; 8.1 Principle of Action; 8.2 Methods of Incorporation; 8.2.1 Conventional Method; 8.2.2 Separate Delivery of the Lubricant; 8.3 Types of Lubricants; 8.3.1 Alcohols; 8.3.2 Fatty Acids, Esters and Amides; 8.3.3 Waxes; 8.3.4 Polymeric Lubricants; 8.4 Special Applications; 8.4.1 PVC; 8.4.2 Chlorinated PVC; 8.4.3 Electically Conductive Polymers; References; 9 Antistatic Additives; 9.1 Types of Additives; 9.2 Areas of Application; 9.3 Additives in Detail 327 $a9.3.1 Conventional Additives9.3.2 Polymeric Additives; 9.3.3 External Antistatic Additives; 9.3.4 Intrinsically Antistatic Compositions; 9.3.5 Conductive Fillers; References; 10 Slip Agents; 10.1 Basic Principles of Action; 10.2 Compounds; 10.3 Special Formulations; 10.3.1 Poly(ethylene terephthalate); 10.3.2 Formulations for Poly(ethylene); References; 11 Surface Improvers; 11.1 Additives; 11.1.1 Fluorocarbon Compounds; 11.1.2 Acrylics; 11.1.3 Modified Pigments; 11.1.4 Organic Salts; References; 12 Nucleating Agents; 12.1 Crystalline Polymers; 12.1.1 Crystal Structures 327 $a12.1.2 Modification of Properties by Crystallinity 330 $aDescribes twenty-one of the most important and commonly used additives A Concise Introduction to Additives for Thermoplastic Polymers focuses on additives for thermoplastic polymers and describes 21 of the most important and commonly used additives from Plasticizers and Fillers to Optical Brighteners and Anti-Microbial additives. It also includes chapters on safety and hazards, and prediction of service time models. While there are many exhaustive and complex books dealing with additives for polymers, the size of them deter students and many industry engineers from using them 410 0$aWiley-Scrivener 606 $aPolymers$xAdditives 606 $aThermoplastics 615 0$aPolymers$xAdditives. 615 0$aThermoplastics. 676 $a668.4/23 676 $a668.9 700 $aFink$b Johannes Karl$0626425 801 0$bMiAaPQ 801 1$bMiAaPQ 801 2$bMiAaPQ 906 $aBOOK 912 $a9910825547203321 996 $aA concise introduction to additives for thermoplastic polymers$93943302 997 $aUNINA